000 00777nam a2200253 a 4500
008
020 _a9780729539913 (paperback)
040 _aNUST
_cNUST
049 _aMAIN
090 _aRC86.8
_bFUL
100 1 _aFulde, Gordian W. O.
245 1 0 _aEmergency Medicine:
_bthe principles of practice /
_cFulde, Gordian W. O.
250 _aFifth Edition.
260 _aAustralia :
_bChurchil Livingstone,
_c2010
300 _axxxiv, 779 pages :
_billustrations ;
_c20 cm
336 _atext
_btxt
_2rdacontent
337 _aunmediated
_bn
_2rdamedia
338 _avolume
_bnc
_2rdacarrier
650 1 _aMedicine.
907 _a.b10410971
_b14-10-21
_c14-10-21
003
005 20230120204323.0
942 _cBOOKS
_kRC86.8
_mFUL
999 _c121133
_d121133